| 000 | 00484nam a2200169 a 4500 | ||
|---|---|---|---|
| 001 | 000042208 | ||
| 005 | 20201002040015.0 | ||
| 008 | 131119s1980 nyua 000 0 spa d | ||
| 020 | _a0316817570 | ||
| 040 |
_aDO-SdBNP _bspa _cBNPHU |
||
| 082 |
_axxx _bH675n |
||
| 245 | 0 | 0 |
_aHitler norman stone / _cintrod. by J. H. Plumb. |
| 260 |
_aBoston : _bLittle, Brown, _c1980. |
||
| 300 |
_axii, 195 p. : _bill. ; _c24 cm. |
||
| 504 | _aBibliographical: 182-185 | ||
| 700 | 1 | 2 |
_aPlumb, J. H. _969226 |
| 999 |
_c41697 _d41697 |
||